000 01032cam a22003133a 4500
001 1796
003 PGUSA
005 20140828083006.0
008 990601s1999||||xxu|||||s|||||000 | eng d
040 _aPGUSA
_beng
042 _adc
050 4 _aPR
100 1 _aShakespeare, William,
_d1564-1616
245 1 0 _aAntony and Cleopatra
_h[electronic resource] /
_cWilliam Shakespeare
260 _bProject Gutenberg,
_c1999
506 _aCopyrighted. Read the copyright notice inside this book for details.
516 _aElectronic text
653 _aRomans -- Egypt -- Drama
653 _aRome -- History -- Civil War, 43-31 B.C. -- Drama
653 _aGenerals -- Rome -- Drama
653 _aAntonius, Marcus, 83?-30 B.C. -- Drama
653 _aQueens -- Egypt -- Drama
653 _aCleopatra, Queen of Egypt, d. 30 B.C. -- Drama
653 _aEgypt -- History -- 332-30 B.C. -- Drama
653 _aTragedies
830 0 _aProject Gutenberg
_v1796
856 4 0 _uhttp://www.gutenberg.org/ebooks/1796
942 _cEB
999 _c231139
_d231139